| 000 | 00957nam a2200241Ia 4500 | ||
|---|---|---|---|
| 001 | 9082 | ||
| 003 | GE_BSU | ||
| 008 | 181216s||||||||xx |||||||||||||| ||und|| | ||
| 040 | _cGE_BSU | ||
| 080 | _a821-353.1-11 | ||
| 100 | _aლეონიძე,გიორგი | ||
| 245 | _aსტალინი:ბავშვობა და ყრმობა:ეპოპეა | ||
| 245 | _bწიგნი პირველი:ლექსები | ||
| 245 | _cრედ:ილია თავაძე;მხატვ:ლ.გრიგოლია;ლ.ქუთათელაძე | ||
| 260 | _aთბილისი. | ||
| 260 | _bსახელგამი | ||
| 260 | _c1939 | ||
| 300 | _a164გვ;20სმ. | ||
| 300 | _bდამტ.თავფურც.რუს.ენაზე | ||
| 653 | _aლექსები | ||
| 653 | _aსტალინი:ბავშვობა და ყრმობა:ეპოპეა | ||
| 942 | _cBK | ||
| 999 |
_c42386 _d42386 |
||